01654agaaa2200313 45000010005000000030009000050050017000140070009000310080040000400400023000800410013001031000047001161300022001632400030001852450165002152460023003802500022004032600073004253000034004985080151005325110085006835200312007685380016010805460013010966500056011097000059011657000059012247000057012836452IT-RoPAU20220918181240.0d cvaizq50131s9999||||xx ||| | || ||und|| aIT-RoPAUcIT-RoPAU aITALIANO aDe Palma BriangCodice regista SPICS: 7320 aINTOCCABILI (GLI) aINTOUCHABLES (THE)gT0848 aINTOCCABILI (GLI)cProdotto da: Linson Art -- Sceneggiatura: Mamet David -- Diretto da: De Palma BrianpINTOCCABILI (GLI) (Rif. Codice opera principale : 76452) aINTOUCHABLES (THE) aEdizione Standard a(USA)bPARAMOUNT / g"1986 (1° ed.: 1989 ; Ed. Lingua Orig.: 1986)" aVHSbsonoro, col.c117 minuti a"Fotografia: Burum Stephen H.; Montaggio: Greenberg Jerry; Musica: Morricone Ennio; Sceneggiatura: Mamet David; Scenografia: Elliott William A.; " a"De; Niro Robert; Connery Sean; Costner Kevin; Martin Charles; Smithgarcia Andy" aALTRI-INTERPRETI: RICHARD-BRADFORD JACK-KEHOE COSTUMI-DI-MARILYN-VANCE-STRAKER FILM DRAMMATICO A COLORILA STORIA DI ELIOT NESS UN AGENTE DELL'FBI CHE NELLA CHICAGO DEGLI ANNI DEL PROIBIZIONISMO DIEDE UNA CACCIA SENZA QUARTIERE ALLA BANDA DI AL CAPONE ALLA TESTA DI UN GRUPPO DI AGENTI SCELTI GLI INTOCCABILI aPAL, STEREO aITALIANO aDRAMMATICOeFILMS [VHS]xCodice MATERIA SPICS: 9960 aDe Palma Brian e(regista)gCodice regista SPICS: 7320 aMamet David e(soggetto)gCodice Soggetto SPICS: 18279 aMorricone Ennioe(musica)gCodice Musica SPICS: 3535